000 00487nam a2200181Ia 4500
008 100917s9999 xx 000 0 und d
082 _b57517
100 _aमंगेशकर गीता
245 _aअलंकार
260 _bप्रिया प्रकाशन
_c1983
300 _a231
365 _b38
520 _aकादंबरी
630 _aअलंकार
650 _aकादंबरी
730 _aअलंकार
942 _cBOOK
999 _c662911
_d662908